000 00534nam a22001697a 4500
005 20251108172533.0
008 250721s2001 xx 000 0 ara d
082 1 4 _a641.5/مزا
100 1 _aمزاهرة، أيمن
245 1 0 _aأصول العلمية و العمليةفي تحضير الطعام و إنتاجة /
264 1 _aعمان :
_bدار اليازوري العلميةللنشر،
_c2001.
300 _a234 ص
650 1 7 _aالطبخ
650 1 7 _aعمليات الطبخ
942 _2ddc
_cBK
999 _c81927
_d81927